000 00640nam a22002057a 4500
003 UA-OsUOA
001 92091
007 ta
008 20121210b un ||||| |||| 00| 0 ukr d
090 _a330(477)
_bС91
942 _cSA
040 _aUA-OsUOA
_bukr
_cUA-OsUOA
_dUA-OsUOA
245 _aСучасний стан та тенденції розвитку вітчизняного ринку цінних паперів
300 _aС.12-16
955 _a0
041 _aukr
080 _a330(477)
773 0 _w92087
_tФінансовий ринок України
_dК.
_d2012
_g10
650 7 _a330 Економіка взагалі
_2UDC
999 _c378345
_d378345